Central Library and Information Centre
Sibsagar Girls' College, Sivasagar : Assam

PHYSICAL CHEMISTRY (Vol-1) (Record no. 28470)

MARC details
000 -LEADER
fixed length control field 00657cam a2200193ua 4500
001 - CONTROL NUMBER
control field 25223
008 - FIXED-LENGTH DATA ELEMENTS--GENERAL INFORMATION
fixed length control field 191203n2016 II |||gr||||Z||||||eng
082 ## - DEWEY DECIMAL CLASSIFICATION NUMBER
Classification number 540
100 ## - MAIN ENTRY--PERSONAL NAME
Personal name PAHARI, DR. S.,
Relator term AUTHOR.
245 ## - TITLE STATEMENT
Title PHYSICAL CHEMISTRY (Vol-1)
Medium Textual Documents
250 ## - EDITION STATEMENT
Edition statement REP.
260 ## - PUBLICATION, DISTRIBUTION, ETC.
Place of publication, distribution, etc. NEW DELHI
Name of publisher, distributor, etc. NCBA (NEW CENTRAL BOOK AGENCY)
Date of publication, distribution, etc. 2016
300 ## - PHYSICAL DESCRIPTION
Extent 707:
Dimensions 20CM.
500 ## - GENERAL NOTE
General note GUWAHATI BOOK FAIR,2017
653 ## - INDEX TERM--UNCONTROLLED
Uncontrolled term Chemistry & allied sciences
Holdings
Withdrawn status Lost status Source of classification or shelving scheme Damaged status Not for loan Collection code Home library Current library Shelving location Date acquired Source of acquisition Cost, normal purchase price Total Checkouts Full call number Barcode Date last seen Date last checked out Price effective from Koha item type Public note
    Dewey Decimal Classification     TBCHE Central Library and Information Centre Sibsagar Girls College Central Library and Information Centre Sibsagar Girls College CHEMISTRY BOOK RACK 08.01.2018 COLLEGE BOOK STALL SVR 415.00 2 540 PAH 42795 31.05.2025 29.05.2025 29.07.2022 Books V
    Dewey Decimal Classification     TBCHE Central Library and Information Centre Sibsagar Girls College Central Library and Information Centre Sibsagar Girls College CHEMISTRY BOOK RACK 08.01.2018 COLLEGE BOOK STALL SVR 415.00   540 PAH 42796 29.07.2022   29.07.2022 Books V
    Dewey Decimal Classification     TBCHE Central Library and Information Centre Sibsagar Girls College Central Library and Information Centre Sibsagar Girls College CHEMISTRY BOOK RACK 08.01.2018 COLLEGE BOOK STALL SVR 415.00   540 PAH 42797 29.07.2022   29.07.2022 Books V


Sibsagar Girl's College © 2020. All rights reserved.
Powered by Koha.
Maintained by Abhijit Borpuzari.